000 00694cac a2200205 a 4500
003 CO-PeBPM
005 20251022115508.0
008 231129s1980||||ck a||||||||||||| ||spa||
020 _a8425304504
040 _aCO-PeBPM
_bspa
_cCO-PeBPM
_erda
041 _aspa
082 0 4 _a150.1 W825i
_222
100 1 _aWittig, Arno F.
_eautor
245 0 _aIntroducción a la psicología
_b: Teorí­a y problemas
_c/ Arno F. Wittig
260 _aBogotá, Colombia
_b: Andes
_c, 1980
300 _a322páginas
_bilustraciones, figuras en blanco y negro
_c27 centimetros
500 _aIncluye índice al final del texto
650 _aPsicología
_2LEMB
942 _2ddc
_cBK
999 _c15903
_d15903